000 00289nam a22001337a 4500
008 181009b xxu||||| |||| 00| 0 eng d
020 _a9780135142929
041 _aeng
080 _a620
100 _a26
101 _aMEK
245 _aElectric Circuits
_cNilsson,J.W
942 _2udc
_cBK
999 _c49192
_d49192